| 000 | 00867nam0a2200265 4500 | ||
|---|---|---|---|
| 001 | RU\NLR\ONL2\14434 | ||
| 005 | 20260215050348.0 | ||
| 035 | _a(NLR Aleph) 009662019 | ||
| 090 |
_a13551236 _c13551236 |
||
| 100 | _a20090722d1955 u y0rusy50 ca | ||
| 101 | 0 | _aaze | |
| 102 | _aAZ | ||
| 105 | _ay ||||||||| | ||
| 200 | 1 |
_aХалгла әлагә Коммунист партиjасынын гүввәт мәнбәидир _fБ. Борисов |
|
| 210 |
_aБакы _cАзэрнэшр _d1955 |
||
| 215 |
_a120 с. _d19 |
||
| 541 | 1 |
_aСвязь с народом - источник силы Коммунистической партии _zrus |
|
| 700 | 1 |
_aБорисов _bБ. _4070 |
|
| 801 | 0 |
_aRU _bNLR _c20090722 _gPSBO |
|
| 852 |
_aNLR _bОНЛ _jАзерб./2-7772 |
||
| 942 | _cUNSPEC | ||
| 980 | _aONL_RF | ||
| 980 | _aNB | ||